Statistics for Premier League Clubs by Shirts

Click here to take the quiz!

General Stats

  • This quiz has been taken 32 times
    (10 since last reset)
  • The average score is 39 of 49

Answer Stats

Answer % Correct
Liverpool
100%
{Aston} {Villa}
100%
{Blackburn} {Rovers}
100%
{Leeds} United
100%
{Manchester} City
100%
Chelsea
100%
{Norwich} City
100%
{Wolverhampton} {Wanderers}
100%
{Tottenham} {Hotspur}
100%
{West} {Ham} United
100%
{Manchester} United
100%
Arsenal
100%
Burnley
83%
{Newcastle} United
83%
{Crystal} {Palace}
83%
{Huddersfield} Town
83%
{Brighton} & {Hove} {Albion}
83%
Watford
83%
{Hull} City
83%
{Bradford} City
83%
Bournemouth
83%
{Sheffield} United
83%
{Stoke} City
83%
Southampton
83%
Sunderland
83%
{Queens} {Park} {Rangers}
83%
{Swindon} Town
83%
{Birmingham} City
83%
{Leicester} City
83%
Everton
83%
{Cardiff} City
83%
Middlesbrough
67%
{West} {Bromwich} {Albion}
67%
Reading
67%
{Sheffield} {Wednesday}
67%
Blackpool
67%
{Coventry} City
67%
{Charlton} Athletic
67%
{Swansea} City
67%
{Wigan} Athletic
67%
Fulham
67%
{Ipswich} Town
67%
Portsmouth
67%
{Derby} {County}
50%
{Nottingham} {Forest}
50%
Wimbledon
50%
Barnsley
50%
{Oldham} Athletic
50%
{Bolton} {Wanderers}
33%

Score Distribution

Percentile by Number Answered

Percent of People with Each Score

Your Score History

You have not taken this quiz since the last reset